000
00216nam a2200097Ia 4500
008
240331s9999 xx 000 0 und d
082
_b
PEN
100
_a
MWRAF. ed
245
0
_a
Penkalum thodarpu udakangalum
942
_c
L
999
_c
3614
_d
3614